- Lenguaje no sexista
Entry Materia
001 - NÚMERO DE CONTROL DEL REGISTRO
- campo de control: 48020
003 - IDENTIFICADOR DE NUMERO DE CONTROL
- campo de control: UPN
005 - FECHA Y HORA DE LA ÚLTIMA TRANSACCIÓN
- campo de control: 20230328104208.0
008 - DATOS DE LONGITUD FIJA
- campo de control de longitud fija: 230302nn annnnbabn a a|a d
040 ## - FUENTE DE LA CATALOGACIÓN
- Centro catalogador de origen: MX-MxUPN
- Lengua de catalogación: spa
046 ## - FECHAS CON CODIFICACIÓN ESPECIAL
- Fecha final para contenidos agregados: 2023
053 ## - NÚMERO CLASIFICADOR - BIBLIOTECA DEL CONGRESO (LC)
- Elemento numérico de la clasificación - Número único o no. inicial del rango: P120 S48
150 ## - ENCABEZAMIENTO - TEMÁTICO
- Término de materia o nombre geográfico como elemento inicial: Lenguaje no sexista
450 ## - VÉASE - MATERIA
- Encabezamiento temático: Lenguaje de género neutro
450 ## - VÉASE - MATERIA
- Encabezamiento temático: Lenguaje inclusivo
450 ## - VÉASE - MATERIA
- Encabezamiento temático: Lenguaje incluyente
450 ## - VÉASE - MATERIA
- Encabezamiento temático: Lenguaje sexista
550 ## - VÉASE ADEMÁS - MATERIA
- Encabezamiento temático o nombre geográfico como elemento de entrada: Sexismo en el lenguaje
- Subcampo de control: r
550 ## - VÉASE ADEMÁS - MATERIA
- Encabezamiento temático o nombre geográfico como elemento de entrada: Lenguaje y lenguas
- Subcampo de control: r
- Subdivisión temática general: Diferencias sexuales
670 ## - FUENTE EN LA QUE SE LOCALIZARON DATOS
- Cita de la fuente: Wikipedia, 02 marzo 2023
- Información localizada: (El lenguaje no sexista, de género neutro o lenguaje inclusivo es una reforma lingüística propuesta desde los feminismos aproximadamente desde la década de 1970 en diferentes idiomas del mundo)
- Identificador Uniforme del Recurso: https://es.wikipedia.org/wiki/Lenguaje_no_sexista
670 ## - FUENTE EN LA QUE SE LOCALIZARON DATOS
- Cita de la fuente: Tesauro de género, 2006
- Información localizada: página 248 (Lenguaje sexista)
- Identificador Uniforme del Recurso: http://cedoc.inmujeres.gob.mx/documentos_download/101099.pdf
670 ## - FUENTE EN LA QUE SE LOCALIZARON DATOS
- Cita de la fuente: LC Authorities, 02 marzo 2023:
- Información localizada: (Nonsexist language)
- Identificador Uniforme del Recurso: https://lccn.loc.gov/sh88006210
680 ## - NOTA GENERAL CON DESPLIEGUE PÚBLICO
- Texto explicativo: El lenguaje no sexista, de género neutro o lenguaje inclusivo es una reforma lingüística propuesta desde los feminismos aproximadamente desde la década de 1970 en diferentes idiomas del mundo.
902 ## - CATALOGADOR
- Catalogador: VíctorGodínez/020323
